| 000 | 00596nam a2200133Ia 4500 | ||
|---|---|---|---|
| 008 | 170516s9999 xx 000 0 und d | ||
| 245 | _aPerforming Chest X-Rays at Inspiration in Uncooperative Children: The Effect of Exercises with a Training Program for Radiology Technicians, Heinz-Jakob Langen, Christiane Kohlhauser-Vollmuth, Corinna Sengenberger, Johann Bielmeier, Renate Jocher, and Mar | ||
| 260 | _bRadiology Research and Practice | ||
| 260 | _c2014 | ||
| 300 | _a: | ||
| 650 | _xRadiologic Technology | ||
| 650 | _xRadtech | ||
| 856 | _uhttps://www.hindawi.com/journals/rrp/contents/2/ | ||
| 999 |
_c332708 _d332708 |
||